|
|
|
|
| LEADER |
00692cam a2200193 7i4500 |
| 001 |
0000033954 |
| 005 |
20221219090000.0 |
| 008 |
100902 eng |
| 020 |
|
|
|a 9783527317332 (hbk. ; vol. 6)
|
| 090 |
0 |
0 |
|a T174.7
|b .N36 2009
|
| 245 |
0 |
0 |
|a Nanotechnology
|c edited by Harald Fuchs.
|
| 260 |
|
|
|a Weinheim:
|b WILEY-VCH,
|c 2009.
|
| 300 |
|
|
|a xvii, 370 p.:
|b col. ill.;
|c 25 cm.
|
| 504 |
|
|
|a Includes bibliographical references and index
|
| 650 |
0 |
0 |
|a Nanotechnology
|
| 700 |
1 |
|
|a Fuchs, Harald
|
| 997 |
|
|
|a Engineering & Life Sciences, Faculty
|b Science & Biotechnology, Department
|
| 998 |
|
|
|a Biotechnology, Degree
|
| 999 |
|
|
|a 0000045768
|b BOK
|c OPEN SHELF
|e 2nd Floor, Bestari Jaya
|